Personnel management and industrial relations (Record no. 154308)

MARC details
000 -LEADER
fixed length control field 00349nam a2200145Ia 4500
003 - CONTROL NUMBER IDENTIFIER
control field OSt
020 ## - INTERNATIONAL STANDARD BOOK NUMBER
International Standard Book Number 8170963443
082 ## - DEWEY DECIMAL CLASSIFICATION NUMBER
Classification number 658.3 AHU/PE
100 ## - MAIN ENTRY--PERSONAL NAME
Personal name Ahuja, K K
245 ## - TITLE STATEMENT
Title Personnel management and industrial relations
260 ## - PUBLICATION, DISTRIBUTION, ETC. (IMPRINT)
Name of publisher, distributor, etc Kalyani Publications
Place of publication, distribution, etc New Delhi
Date of publication, distribution, etc 1990
300 ## - PHYSICAL DESCRIPTION
Extent xiii, 384p.
546 ## - LANGUAGE
Language note English
942 ## - ADDED ENTRY ELEMENTS (KOHA)
Koha item type Books (General)
Source of classification or shelving scheme Dewey Decimal Classification
Holdings
Lost status Source of classification or shelving scheme Damaged status Not for loan Collection code Home library Current library Shelving location Date acquired Total Checkouts Full call number Barcode Date last seen Koha item type Public note
  Dewey Decimal Classification     General KAU Central Library, Thrissur KAU Central Library, Thrissur General 29/12/2016   658.3 AHU/PE 905617 29/12/2016 Books (General) Book transferred from CCBM Library ,Acc.No:6391
Kerala Agricultural University Central Library
Thrissur-(Dt.), Kerala Pin:- 680656, India
Ph : (+91)(487) 2372219
E-mail: librarian@kau.in
Website: http://library.kau.in/